Statistics for Horror Movie Characters

Click here to take the quiz!

General Stats

  • This quiz has been taken 232 times
  • The average score is 7 of 15

Answer Stats

HintAnswer% Correct
Friday the 13thjason
98%
Nightmare on Elm Streetfreddy
97%
Sawjigsaw
87%
Halloweenmichael
86%
Carriecarrie
69%
ScreamGhostface
66%
The Shiningjack
65%
Hellraiserpinhead
65%
The Texas Chainsaw Massacreleatherface
61%
Itpennywise the dancing clown
15%
The Conjuringannabelle
12%
The Standrandall flagg
3%
The Exorcistsatin
3%
Puppet Masterevil puppets
2%
The Silence of the Lambshanaball lector
0%

Score Distribution

Percentile by Number Answered

Percent of People with Each Score

Your Score History

You have not taken this quiz